Logo BPK

Bibliografia Prac Pracowników

Politechniki Koszalińskiej

The growth and development of potato pathogens on the media with extracts from Polygonaceae plants. (Rekord nr 872)

Szczegóły MARC
000 -ETYKIETA REKORDU
podpole kontrolne o stałej długości 00976naa a22002171i 4500
001 - NUMER KONTROLNY REKORDU
podpole kontrolne 872
003 - IDENTYFIKATOR NUMERU KONTROLNEGO REKORDU
podpole kontrolne KOSZ 005
005 - DATA OSTATNIEJ MODYFIKACJI REKORDU
podpole kontrolne 20180425140757.0
008 - POLE O STAŁEJ DŁUGOŚCI - DANE KONTROLNE
podpole kontrolne o stałej długości 160105s1996 pl | f |000 ||eng d
040 ## - ŹRÓDŁO KATALOGOWANIA
Instytucja, która utworzyła rekord BPK
Instytucja, która sporządziła opis KOSZ 005/ac
041 ## - KOD JĘZYKA
Kod języka tekstu eng
044 ## - KOD KRAJU WYDAWCY/PRODUCENTA
Kod kraju wydawcy/producenta POL
080 ## - UNIWERSALNA KLASYFIKACJA DZIESIĘTNA - UKD
UKD 632
100 ## - NAZWA OSOBOWA
Nazwa osobowa SAS-PIOTROWSKA, Bronisława.
Lata pracy 1996 - .
Instytucja Politechnika Koszalińska - Wydział Mechaniczny,
Wydział Katedra Biologicznych Podstaw Rolnictwa
245 10 - TYTUŁ/ODPOWIEDZIALNOŚĆ
Tytuł The growth and development of potato pathogens on the media with extracts from Polygonaceae plants.
Oznaczenie części/sekcji dzieła 1,
Tytuł części/sekcji dzieła Pathogens causing dry leaf-spot disease /
Pozostałe elementy strefy tytułu i oznaczenia odpowiedzialności Barbara Sas-Piotrowska, Wojciech Piotrowski, M. Misiak.
500 ## - UWAGI OGÓLNE
Tekst uwagi Dane z bibliografii załącznikowej.
650 #0 - HASŁO PRZEDMIOTOWE W FORMIE NAZWY OGÓLNEJ LUB JEDNOSTKOWEJ
Nazwa ogólna lub geograficzna Rośliny - ochrona.
700 1# - HASŁO DODATKOWE - NAZWA OSOBOWA
Nazwa osobowa PIOTROWSKI, Wojciech.
Lata pracy 1996 - .
Instytucja Politechnika Koszalińska - Wydział Mechaniczny,
Wydział Katedra Biologicznych Podstaw Rolnictwa
773 0# - TYTUŁ DOKUMENTU MACIERZYSTEGO
Wyrażenie wprowadzające W :
Tytuł Phytopathologia Polonica. -
Informacje dotyczące relacji 1996, nr 11, s. 103-109
942 ## - HASŁO DODATKOWE - ELEMENTY(KOHA)
Typ dokumentu Artykuł
Schemat klasyfikacji Uniwersalna klasyfikacja dziesiętna

Brak dostępnych egzemplarzy.

© 2014 Biblioteka Politechniki Koszalińskiej :: BIBLIOGRAFIA PRAC PRACOWNIKÓW